Cartoon/Comic Characters By Smoking Scene Quiz Stats

Quiz not verified by Sporcle

Challenge
Share
Tweet
Score 0/39 Timer 10:00
0 Plays Today
% Correct
Goofy
97.2%
Tom and Jerry
96.5%
Superman
96.2%
Donald Duck
96.2%
Popeye
96%
Fred Flintstone and Barney Rubble
95.6%
Snoopy
94.4%
Daffy Duck and Porky Pig
94.3%
Bugs Bunny
93%
Wolverine
90.6%
Mickey Mouse
90.3%
Sylvester
89.6%
Scooby-Doo and Shaggy
88.8%
Homer Simpson
88.4%
George Jetson
87.2%
Pink Panther
86.5%
Batman and Robin
84.5%
The Penguin
74.7%
Huey, Dewey, and Louie
73.3%
Bender Bending Rodriguez
72%
% Correct
Hellboy
69.4%
Daisy Duck
67.2%
Tintin and Captain Haddock
65.2%
Nick Fury and Mr. Fantastic
65.1%
Yosemite Sam
62%
Felix the Cat
56.4%
Droopy
49.7%
Peg Leg Pete
48.2%
Huckleberry Hound
46.7%
Kingpin
38.5%
J. Jonah Jameson
37%
Iron Man
30.9%
Howard the Duck
28.2%
Plastic Man
22.1%
Lobo
19.1%
Jose Carioca
16.6%
Baby Herman
14.6%
Commander McBragg
3.8%
Riff-Raff (From Underdog)
3.6%

You're not logged in!

Compare scores with friends on all Sporcle quizzes.
Sign Up with Email
OR
Log In

You Might Also Like...

Show Comments

Extras

Top Quizzes Today


Score Distribution

Your Account Isn't Verified!

In order to create a playlist on Sporcle, you need to verify the email address you used during registration. Go to your Sporcle Settings to finish the process.